| 000 | 00991nam0a22002411 4500 | ||
|---|---|---|---|
| 001 | rc\1036408 | ||
| 005 | 20250622085250.0 | ||
| 035 | _a(NLR Aleph) 006199222 | ||
| 090 |
_a6249161 _c6249161 |
||
| 100 | _a20041129d1981 |||y0rusy50 ca | ||
| 101 | 0 | _arus | |
| 102 | _aRU | ||
| 105 | _aa ||||||||| | ||
| 200 | 1 |
_aЯщики управления топочными агрегатными установками ТАУ-0,75, ТАУ-1,5 и зерносушилками СЗПБ-2,5, СКПБ-1,8 _eКаталог _fИзготовитель_: з-д "Электрофидер", г. Хвалынск |
|
| 210 |
_aМ. _cИнформэлектро _d1981 |
||
| 215 |
_a1 л., слож. в 6 с. _cсхем. _d29 |
||
| 225 | 1 |
_aИнформэлектро _v08.14.04-80 _iЭлектротехника СССР |
|
| 712 | 0 | 2 |
_a"Электрофидер", з-д _cХвалынск |
| 801 | 0 |
_aRU _bNLR _gpsbo |
|
| 801 | 1 |
_aRU _bELAR _2rusmarc |
|
| 852 |
_aNLR _bПт _j20/1-08.14.04-80 |
||
| 942 | _cBOOK | ||
| 980 | _aNB | ||